Sports Quiz

Random Sports or Letter Quiz

NHL Goalie Wins A-Z Quiz Stats

Quiz not verified by Sporcle

Challenge
Share
Tweet
Embed
Score 0/25 Timer 06:00
0 Plays Today
Letter Goalie % Correct
B *Martin Brodeur
97.5%
RPatrick Roy
91.3%
STerry Sawchuk
68.1%
O *Chris Osgood
68%
PJacques Plante
62.7%
FGrant Fuhr
62.2%
Q *Jonathan Quick
61.2%
JCurtis Joseph
60%
N *Evgeni Nabokov
57.7%
ETony Esposito
56.8%
HGlenn Hall
48.6%
VMike Vernon
46.9%
DKen Dryden
46.7%
Letter Goalie % Correct
KOlaf Kolzig
45%
MAndy Moog
41.3%
WLorne ''Gump'' Worsley
34.6%
IArturs Irbe
33.6%
CGerry Cheevers
29.3%
TTiny Thompson
24.1%
ADavid Aebischer
21.6%
YWendell Young
19.7%
GEd Giacomin
19.1%
LHarry Lumley
16%
UMatt Underhill
4.1%
ZMichael Zanier
2.5%

You're not logged in!

Compare scores with friends on all Sporcle quizzes.
Join for Free
OR
Log In

You Might Also Like...

Show Comments

Extras

Top Quizzes Today


Score Distribution

Your Account Isn't Verified!

In order to create a playlist on Sporcle, you need to verify the email address you used during registration. Go to your Sporcle Settings to finish the process.

Report this User

Report this user for behavior that violates our Community Guidelines.

Details: